000 00321nam a22001337a 4500
008 180927b xxu||||| |||| 00| 0 eng d
020 _a9781557981943
041 _aeng
080 _a159.0
100 _a48
101 _aPSI
245 _aDissertation And Theses From Start To Finish
_cJohn.D.C
942 _2udc
_cBK
999 _c48556
_d48556